000 00365nam a22001577a 4500
020 _a0-00-725136-X
082 _a823
_bSTI/N
100 _aSTINE, R.L
245 _aNIGHTMARE
_bSHORT STORY
246 _aNIGHTMARE
_bSHORT STORY
260 _aINDIA
_bHARPER COLLINS PUBLISHERS
_c2007
300 _a138
520 _aSHORT STORY
650 _aSHORT STORY
942 _cBK
999 _c1737
_d1737